| 000 | 01199nam a2200229 i 4500 | ||
|---|---|---|---|
| 001 | 182249 | ||
| 003 | ES-MaACL | ||
| 005 | 20250902093843.0 | ||
| 008 | 130725s1897 sp | |||||||| | spa d | ||
| 080 | _a821.134.2-14"18"(082.2) | ||
| 245 | 0 | 0 | _aJuegos florales celebrados por la Real Sociedad Económica de Amigos del País de la Provincia de Granada con el patrocinio del Excmo. Ayuntamiento de esta ciudad, el viernes 25 de junio de 1897 en el Palacio de Carlos V de la Alhambra, y en los que fue mantenedor y presidente de los mismos el Excmo. Sr. D. Víctor Balaguer. |
| 260 |
_a[S.l. : _bs.n.], _c1897 ( _eGranada : _fTip. Lit. Vda. e Hijos de Sabatel) |
||
| 300 |
_a92 p., [5] h. de lám. ; _c23 cm. |
||
| 530 | _aDisponible en formato digital. | ||
| 650 | 4 |
_aPoesía española- _yS.XIX _916217 |
|
| 650 | 7 |
_aJuegos florales _2embne _9135475 |
|
| 700 | 1 |
_aBalaguer, Víctor, _d1824-1901 _924806 |
|
| 710 | 2 |
_aReal Sociedad Económica de Amigos del País de la Provincia de Granada _9138618 |
|
| 852 |
_aES-MaACL _jT-861-F-2 _z- Donat. Sr. Balaguer |
||
| 856 | 4 | 1 |
_uhttp://bdh-rd.bne.es/viewer.vm?id=0000055631&page=1 _zBiblioteca Digital Hispánica |
| 999 |
_c182249 _d182249 |
||